| 000 | 01092nam a2200361Ia 4500 | ||
|---|---|---|---|
| 001 | dia_3310 | ||
| 003 | CHAP | ||
| 005 | 20240419174748.0 | ||
| 007 | ta | ||
| 008 | 220117s1988 caua fr 001 0 spa d | ||
| 010 | _a173784 | ||
| 020 | _a0-70-881310-7 | ||
| 040 |
_cCHAP _amxchpua |
||
| 041 | 0 | _aeng | |
| 050 | 1 | 0 |
_aQA76.6 _b.J36 1988 |
| 082 |
_a005.262 _bJ36 1988 _220 |
||
| 100 | 1 |
_aJamsa, Kris _961040 _eautor |
|
| 245 | 1 | 0 |
_aDos : _bpower user's guide / _c Kris Jamsa |
| 250 | _a1a edición | ||
| 264 |
_aCalifornia, USA : _bMcGraw-Hill, _c1988 |
||
| 300 |
_axvi, 921 páginas : _bilustraciones, diagramas, tablas |
||
| 336 |
_2rdacontent _atexto _btxt |
||
| 337 |
_2rdamedia _ano mediado _bn |
||
| 338 |
_2rdacarrier _avolumen _bnc |
||
| 490 | 1 | _aOsborne McGraw-Hill | |
| 650 | 1 | 0 |
_aPC _xDOS (Sistema operativo para computadoras) _9154468 |
| 650 | 1 | 0 |
_aPC _xDOS (Computer file) _9154467 |
| 830 |
_9147271 _aOsborne McGraw-Hill |
||
| 901 | _a005.262 J36 1988 | ||
| 902 | _aM | ||
| 905 | _a5232271988 -USimn 8222223322ENG16 | ||
| 942 |
_cLIBRO _2ddc |
||
| 999 |
_c173784 _d173784 |
||